000 00449ntaaa2200181 4500
003 01
005 20251027202619.0
008 0714s1973 ag 01
040 _aAR-BaBN
_bspa
_cAR-BaBN
_eaacr
_dRIC
082 _a370.1500 G16
100 _aGarcía, Aurora
_925426
245 _aPsicologia pedagógica
250 _a5 ed.
260 _aHabana :
_bPublicaciones Cultural,
_c1950
300 _axxiv, 519 p
650 _apedagogía
_91020
942 _cBK
999 _c21280
_d21280